Guide du sondeur ou traité théorique et pratique des sondages / (Record no. 48452)

MARC details
000 -LEADER
campo de control de longitud fija 00669nam a2200193 i 4500
001 - NÚMERO DE CONTROL
campo de control 48452
003 - IDENTIFICADOR DE NÚMERO DE CONTROL
campo de control ES-MaACL
005 - FECHA Y HORA DE LA ÚLTIMA TRANSACCIÓN
campo de control 20250822063119.0
007 - CAMPO FIJO DE DESCRIPCIÓN FÍSICA--INFORMACIÓN GENERAL
campo de control de longitud fija t|
008 - DATOS DE LONGITUD FIJA--INFORMACIÓN GENERAL
campo de control de longitud fija 950719s1847 fr ||||1| fre d
040 ## - FUENTE DE CATALOGACIÓN
Centro catalogador/agencia de origen CAM
Lengua de catalogación spa
Centro/agencia transcriptor CAM
100 1# - ENTRADA PRINCIPAL--NOMBRE DE PERSONA
Nombre de persona Degousée, Joseph,
Fechas asociadas al nombre 1795-1862
9 (RLIN) 43227
245 10 - MENCIÓN DEL TÍTULO
Título Guide du sondeur ou traité théorique et pratique des sondages /
Mención de responsabilidad, etc. par J. Degousée.
260 ## - PUBLICACIÓN, DISTRIBUCIÓN, ETC.
Lugar de publicación, distribución, etc. Paris :
Nombre del editor, distribuidor, etc. Langlois et Leclercq,
Fecha de publicación, distribución, etc. 1847 (
Fabricante imprimerie de Gustave Gratiot)
300 ## - DESCRIPCIÓN FÍSICA
Extensión 2 v. (504 p., 34 h. lám. dobles, 3 de ellas pleg.) ;
Dimensiones 22 cm.
650 #4 - PUNTO DE ACCESO ADICIONAL DE MATERIA--TÉRMINO DE MATERIA
Término de materia o nombre geográfico como elemento de entrada Perforación y sondeo.
9 (RLIN) 159769
852 ## - LOCALIZACIÓN
Ubicación ES-MaACL
Número de control de estantería G-5914-15
Holdings
Estatus retirado Estado de pérdida Estado de daño No para préstamo Colección Biblioteca de origen Biblioteca actual Ubicación en estantería Fecha de adquisición Fuente de adquisición Total de préstamos Signatura topográfica completa Código de barras Visto por última vez Precio de reemplazo Tipo de ítem Koha
        Libros del s. XIX Biblioteca del Ateneo de Madrid Biblioteca del Ateneo de Madrid Depósito 2 17/01/2008     G-5914-15 1050990 23/02/2023 23/02/2023 Libro impreso antiguo